William Shakespeare / (Record no. 100478)

MARC details
000 -LEADER
campo de control de longitud fija 00541nam a2200193 i 4500
001 - NÚMERO DE CONTROL
campo de control 100478
003 - IDENTIFICADOR DE NÚMERO DE CONTROL
campo de control ES-MaACL
005 - FECHA Y HORA DE LA ÚLTIMA TRANSACCIÓN
campo de control 20250716062527.0
007 - CAMPO FIJO DE DESCRIPCIÓN FÍSICA--INFORMACIÓN GENERAL
campo de control de longitud fija t|
008 - DATOS DE LONGITUD FIJA--INFORMACIÓN GENERAL
campo de control de longitud fija 050928m19101930xxk ||||1| eng d
100 1# - ENTRADA PRINCIPAL--NOMBRE DE PERSONA
Nombre de persona Masefield, John.
9 (RLIN) 78701
245 10 - MENCIÓN DEL TÍTULO
Título William Shakespeare /
Mención de responsabilidad, etc. John Masefield.
250 ## - MENCION DE EDICION
Mención de edición Ed. nueva y rev.
260 ## - PUBLICACIÓN, DISTRIBUCIÓN, ETC.
Lugar de publicación, distribución, etc. London :
Nombre del editor, distribuidor, etc. Williams and Norgate,
Fecha de publicación, distribución, etc. 1910-30.
300 ## - DESCRIPCIÓN FÍSICA
Extensión VIII, 256 p. ;
Dimensiones 17 cm.
600 14 - PUNTO DE ACCESO ADICIONAL DE MATERIA--NOMBRE DE PERSONA
Nombre de persona Shakespeare, William,
Fechas asociadas al nombre 1564-1616
9 (RLIN) 105992
852 ## - LOCALIZACIÓN
Ubicación ES-MaACL
Número de control de estantería C-3072
Holdings
Estatus retirado Estado de pérdida Estado de daño No para préstamo Biblioteca de origen Biblioteca actual Ubicación en estantería Fecha de adquisición Fuente de adquisición Total de préstamos Signatura topográfica completa Código de barras Visto por última vez Precio de reemplazo Tipo de ítem Koha
        Biblioteca del Ateneo de Madrid Biblioteca del Ateneo de Madrid Sala Palomar 17/01/2008     C-3072 1104910 23/02/2023 23/02/2023 Libro impreso